000 00573cam a22002291 4500
001 9287353
005 20180221040644.0
008 750902s1948 paua b 000 0 eng
010 _amed48000050
035 _a(OCoLC)1592184
040 _aDLC
_cFMU
_dOClW-H
_dOCoLC
_dDLC
041 _aeng
042 _apremarc
080 _a616.246073 CAD
082 _a616.246073 CAD
100 1 _a4
101 _aSHM
245 0 0 _aNursing in tuberculosis.
504 _aIncludes bibliographies.
906 _a7
_bcbc
_coclcrpl
_du
_encip
_f19
_gy-gencatlg
942 _2ddc
_cBK
999 _c43009
_d43009